| 000 | 00862nas a2200289 4500 | ||
|---|---|---|---|
| 001 | BR0808406 | ||
| 003 | BR-BrBNA | ||
| 005 | 20231205112843.0 | ||
| 007 | ta | ||
| 008 | 230509b bl.|||p| |||| 00| 00por d | ||
| 040 |
_aBR-BrBNA _bpor _cBiblioteca Nacional de Agricultura |
||
| 041 | _a(Pt) | ||
| 072 | _aF30; H10 | ||
| 100 | 1 | _aManfredi-Coimbra, S. | |
| 100 | 1 | _aCoimbra, J.L.M. | |
| 100 | 1 | _aBusato, G.R. | |
| 100 | 1 | _aGarcia, M.S. | |
| 100 | 1 | _aOliveira, A.C. de | |
| 245 | 1 | _aUso de plantas transgênicas expressando genes de Bacillus Thuringiensis no controle de insetos -praga | |
| 650 | _aINSETO | ||
| 650 | _aPRAGA | ||
| 650 | _aMILHO | ||
| 650 | _aALGODÃO | ||
| 773 | 0 |
_tRevista Científica Rural (Brazil) _xISSN 1413-8263 _g(2005), v. 10(1) p. 130-140 _wBR0808406 |
|
| 909 |
_a202311 _bLúcia _c55 _dLúcia Elande |
||
| 942 |
_2AGRIS _n0 _cANA |
||
| 999 |
_c200393 _d200393 |
||